Lista de tesis de grado presentadas en la Facultad de Economía, años 1960-1972

Gorde:
Xehetasun bibliografikoak
Formatua: Texto
Etiketak: Etiketa erantsi
Etiketarik gabe, Izan zaitez lehena erregistro honi etiketa jartzen!

MARC

LEADER 00000 a a2200000 04500
001 7825
003
040
245 |a Lista de tesis de grado presentadas en la Facultad de Economía, años 1960-1972  
773 |g número 3; páginas 211-222  
999 |c 38430  |d 38430